000 00899nmm a2200265 a 4500
001 ocm0001520591
003 TR-IsHL
005 20201028163101.0
008 170206s2014 tu tur
007 cr cn
020 _a9786054908141
035 _a1520591
_b(N$T)
050 0 4 _aBP189.6
_b.C36 2014
090 0 4 _aBP189.6
_b.C36 2014
100 1 _aCanbaz, Mehmedi Bahaddin
245 1 0 _aAyet ve hadisler ışığında günahları bıraktıran kitap
_h[electronic resource] /
_cMehmedi Bahaddin Canbaz
260 _aİstanbul :
_bMercan Kitap,
_c2014
300 _a183 p.
650 4 _aFelsefe, Psikoloji ve Din
650 4 _aPhilosophy, Psychology and Religion
650 0 _aİslam dini
_x Günahlar
650 0 _aIslam
_x Sins
650 7 _aRELIGION / Islam / Sufi
_2bisacsh
856 4 0 _uhttp://search.ebscohost.com/login.aspx?direct=true&scope=site&db=e011xww&AN=1520591
999 _c15153
_d15153